Core Java Volume I--Fundamentals (Record no. 11896)

000 -LEADER
fixed length control field 01159cam a2200325 i 4500
001 - CONTROL NUMBER
control field 17525525
005 - DATE AND TIME OF LATEST TRANSACTION
control field 20170105102350.0
008 - FIXED-LENGTH DATA ELEMENTS--GENERAL INFORMATION
fixed length control field 121109t20132013njua 001 0 eng
010 ## - LIBRARY OF CONGRESS CONTROL NUMBER
LC control number 2012035397
020 ## - INTERNATIONAL STANDARD BOOK NUMBER
International Standard Book Number 9780137081899 (v. 1 : pbk. : alk. paper)
020 ## - INTERNATIONAL STANDARD BOOK NUMBER
International Standard Book Number 9780137081608 (v. 2: pbk. : alk. paper)
040 ## - CATALOGING SOURCE
Original cataloging agency DLC
Language of cataloging eng
Transcribing agency DLC
Description conventions rda
Modifying agency DLC
042 ## - AUTHENTICATION CODE
Authentication code pcc
050 00 - LIBRARY OF CONGRESS CALL NUMBER
Classification number QA76.73.J38
Item number H6753 2013
082 00 - DEWEY DECIMAL CLASSIFICATION NUMBER
Classification number 005.133
Edition number 23
100 1# - MAIN ENTRY--PERSONAL NAME
Personal name Horstmann, Cay S.,
Dates associated with a name 1959-
245 10 - TITLE STATEMENT
Title Core Java Volume I--Fundamentals
Statement of responsibility, etc. Cay S. Horstmann, Gary Cornell.
250 ## - EDITION STATEMENT
Edition statement Ninth edition.
260 ## - PUBLICATION, DISTRIBUTION, ETC.
Place of publication, distribution, etc. New York
Name of publisher, distributor, etc. Prentice Hall :
Date of publication, distribution, etc. 2013
300 ## - PHYSICAL DESCRIPTION
Extent xxvi, 974 P.
Other physical details illustrations ;
Dimensions 23 cm.
500 ## - GENERAL NOTE
General note "Revised and updated for Java SE 7"--Cover.
500 ## - GENERAL NOTE
General note Includes index.
505 0# - FORMATTED CONTENTS NOTE
Formatted contents note v. 1. Fundamentals -- v. 2. Advanced features.
650 #0 - SUBJECT ADDED ENTRY--TOPICAL TERM
Topical term or geographic name entry element Java (Computer program language)
700 1# - ADDED ENTRY--PERSONAL NAME
Personal name Cornell, Gary.
906 ## - LOCAL DATA ELEMENT F, LDF (RLIN)
a 7
b cbc
c orignew
d 1
e ecip
f 20
g y-gencatlg
942 ## - ADDED ENTRY ELEMENTS (KOHA)
Source of classification or shelving scheme
Koha item type Book
Holdings
Withdrawn status Lost status Damaged status Not for loan Collection code Permanent Location Current Location Shelving location Date acquired Source of acquisition Cost, normal purchase price Total Checkouts Full call number Barcode Checked out Date last seen Date last checked out Price effective from Koha item type
          Central Library (CL) Central Library (CL) First Floor - Software Engineering/ Programming Language 06/01/2013 Progressive International Agencies 4487.76 4 005.133 HOR SEECS012378 10/19/2018 10/04/2018 10/04/2018 06/07/2013 Book
© 2023 Central Library, National University of Sciences and Technology. All Rights Reserved.